000 00358nam a2200145Ia 4500
008 231129s1980||||xx |||||||||||||| ||spa||
020 _a84-02-02612-5
040 _bspa
082 _a930.1 C392a
100 _aCeloria Francis
245 0 _aLa arqueologia
260 _c1980
264 _aBruguera
942 _2ddc
_cBKS
999 _c16424
_d16424